000 00974cam a2200289 i 4500
001 57048
003 Mx-PuUPA
005 20260519102106.0
008 140415s2007 nyu gr 000 0 eng d
020 _a9780765680648
020 _a0765680645
_qset
040 _cMx-PuUPA
_aMx-PuUPA
_bspa
_dMx-PuUPA
_erda
041 0 _aeng
245 0 0 _aScience, religion, and society :
_ban encyclopedia of history, culture, and controversy /
_cedited by Arri Eisen and Gary Laderman
264 1 _aArmonk, NY :
_bM.E. Sharpe,
_c©2007
300 _axix, 419 páginas ;
_c25 cm
336 _2rdacontent
_atexto
_btxt
337 _2rdamedia
_asin medio
_bn
338 _2rdacarrier
_avolumen
_bnc
650 7 _2armarc
_aReligión y ciencia
650 7 _2armarc
_aReligión y ciencia
_xHistoria
700 1 _aEisen, Arri,
_d1963-
_918104
_eeditor
700 1 _aLaderman, Gary,
_eeditor
942 _2ddc
_cLI
_h201.65
_iS46
999 _c57048
_d57048